<?xml version="1.0" encoding="UTF-8"?>
<record
    xmlns:xsi="http://www.w3.org/2001/XMLSchema-instance"
    xsi:schemaLocation="http://www.loc.gov/MARC21/slim http://www.loc.gov/standards/marcxml/schema/MARC21slim.xsd"
    xmlns="http://www.loc.gov/MARC21/slim">

  <leader>01285nam0a22003251  4500</leader>
  <controlfield tag="001">RU\NLR\INFOCOMM_253\5000035684</controlfield>
  <controlfield tag="005">20250613100002.0</controlfield>
  <datafield tag="035" ind1=" " ind2=" ">
    <subfield code="a">(NLR Aleph) 009322926</subfield>
  </datafield>
  <datafield tag="090" ind1=" " ind2=" ">
    <subfield code="a">9406812</subfield>
    <subfield code="c">9406812</subfield>
  </datafield>
  <datafield tag="100" ind1=" " ind2=" ">
    <subfield code="a">20100907d1990    |||y0rusy50      ca</subfield>
  </datafield>
  <datafield tag="101" ind1="0" ind2=" ">
    <subfield code="a">eng</subfield>
    <subfield code="d">rus</subfield>
  </datafield>
  <datafield tag="102" ind1=" " ind2=" ">
    <subfield code="a">RU</subfield>
  </datafield>
  <datafield tag="105" ind1=" " ind2=" ">
    <subfield code="a">a   ||||000|y</subfield>
  </datafield>
  <datafield tag="200" ind1="1" ind2=" ">
    <subfield code="a">Measuring the heavy top quark width by soft gluon radiation in e&#x207A;e&#x207B; &#x2192; tt&#x207B;</subfield>
    <subfield code="f">G. V. Jikia</subfield>
  </datafield>
  <datafield tag="210" ind1=" " ind2=" ">
    <subfield code="a">Protvino</subfield>
    <subfield code="c">&#x418;&#x43D;-&#x442; &#x444;&#x438;&#x437;&#x438;&#x43A;&#x438; &#x432;&#x44B;&#x441;&#x43E;&#x43A;. &#x44D;&#x43D;&#x435;&#x440;&#x433;&#x438;&#x439;</subfield>
    <subfield code="d">1990</subfield>
  </datafield>
  <datafield tag="215" ind1=" " ind2=" ">
    <subfield code="a">8 &#x441;.</subfield>
    <subfield code="c">&#x433;&#x440;&#x430;&#x444;.</subfield>
    <subfield code="d">22 &#x441;&#x43C;</subfield>
  </datafield>
  <datafield tag="225" ind1="1" ind2=" ">
    <subfield code="a">Institute for high energy physics</subfield>
    <subfield code="v">&#x418;&#x424;&#x412;&#x42D; &#x41E;&#x422;&#x424; 90-119</subfield>
  </datafield>
  <datafield tag="300" ind1=" " ind2=" ">
    <subfield code="a">&#x412; &#x432;&#x44B;&#x43F;. &#x434;&#x430;&#x43D;.: &#x418;&#x437;&#x43C;&#x435;&#x440;&#x435;&#x43D;&#x438;&#x435; &#x448;&#x438;&#x440;&#x438;&#x43D;&#x44B; &#x442;&#x44F;&#x436;&#x435;&#x43B;&#x43E;&#x433;&#x43E; t-&#x43A;&#x432;&#x430;&#x440;&#x43A;&#x430; &#x43F;&#x43E; &#x43C;&#x44F;&#x433;&#x43A;&#x43E;&#x43C;&#x443; &#x433;&#x43B;&#x44E;&#x43E;&#x43D;&#x43D;&#x43E;&#x43C;&#x443; &#x438;&#x437;&#x43B;&#x443;&#x447;&#x435;&#x43D;&#x438;&#x44E; &#x432; e&#x207A;e&#x207B; &#x2192; tt&#x207B; / &#x413;. &#x412;. &#x414;&#x436;&#x438;&#x43A;&#x438;&#x44F;</subfield>
  </datafield>
  <datafield tag="300" ind1=" " ind2=" ">
    <subfield code="a">&#x420;&#x435;&#x437;. &#x43D;&#x430; &#x440;&#x443;&#x441;. &#x44F;&#x437;.</subfield>
  </datafield>
  <datafield tag="300" ind1=" " ind2=" ">
    <subfield code="a">"Submitted to "Phys. lett. B."</subfield>
  </datafield>
  <datafield tag="320" ind1=" " ind2=" ">
    <subfield code="a">&#x411;&#x438;&#x431;&#x43B;&#x438;&#x43E;&#x433;&#x440;.: &#x441;. 8</subfield>
  </datafield>
  <datafield tag="606" ind1=" " ind2=" ">
    <subfield code="a">&#x41A;&#x432;&#x430;&#x440;&#x43A;&#x438; (&#x444;&#x438;&#x437;. &#x442;&#x44F;&#x436;&#x451;&#x43B;&#x44B;&#x435;)</subfield>
    <subfield code="2">nlr_sh1</subfield>
  </datafield>
  <datafield tag="686" ind1=" " ind2=" ">
    <subfield code="a">&#x412;382.145</subfield>
    <subfield code="2">rubbk</subfield>
  </datafield>
  <datafield tag="700" ind1=" " ind2="1">
    <subfield code="9">z02790</subfield>
    <subfield code="a">D&#x17E;ikija</subfield>
    <subfield code="b">G. V.</subfield>
    <subfield code="g">Georgij Varlamovi&#x10D;</subfield>
    <subfield code="4">070</subfield>
  </datafield>
  <datafield tag="790" ind1=" " ind2="1">
    <subfield code="9">z02700</subfield>
    <subfield code="a">Jikia</subfield>
    <subfield code="b">G. V.</subfield>
    <subfield code="4">070</subfield>
  </datafield>
  <datafield tag="801" ind1=" " ind2="1">
    <subfield code="a">RU</subfield>
    <subfield code="b">NLR</subfield>
    <subfield code="c">20100907</subfield>
  </datafield>
  <datafield tag="801" ind1=" " ind2="0">
    <subfield code="a">RU</subfield>
    <subfield code="b">NLR</subfield>
    <subfield code="g">PSBO</subfield>
  </datafield>
  <datafield tag="852" ind1=" " ind2=" ">
    <subfield code="a">NLR</subfield>
    <subfield code="j">&#x424;&#x437;01 &#x414;-6/743</subfield>
  </datafield>
  <datafield tag="942" ind1=" " ind2=" ">
    <subfield code="c">BOOK</subfield>
  </datafield>
  <datafield tag="980" ind1=" " ind2=" ">
    <subfield code="a">NB</subfield>
  </datafield>
  <datafield tag="995" ind1=" " ind2=" ">
    <subfield code="5">2013-10-26</subfield>
    <subfield code="b">NLR01</subfield>
    <subfield code="c">NLR01</subfield>
    <subfield code="e">IF</subfield>
    <subfield code="f">9322926-10</subfield>
    <subfield code="k">&#x424;&#x437;01 &#x414;-6/743</subfield>
    <subfield code="o">0</subfield>
    <subfield code="r">BOOK</subfield>
    <subfield code="s">01_6743</subfield>
  </datafield>
</record>
